000 00500nam a22002057a 4500
003 OSt
005 20260508115915.0
008 260508b |||||||| |||| 00| 0 eng d
020 _a978-0-143-42916-6
040 _cSBCL
082 _a823
_bCOE-S
100 _aCoelho,Paulo
245 _aThe Spy
260 _aHaryana
_bPenguin Random House
_c2018
300 _a186p.
630 _xLiterature
650 _aEnglish & Old English literatures
650 _aEnglish fiction
942 _cBOOK
999 _c138137
_d138137